MARC details
| 000 -CABECERA |
| campo de control de longitud fija |
02232nam a2200361 a 4500 |
| 003 - IDENTIFICADOR DEL NÚMERO DE CONTROL |
| campo de control |
Mxchpua |
| 005 - FECHA Y HORA DE LA ÚLTIMA TRANSACCIÓN |
| campo de control |
20250123180936.0 |
| 007 - CAMPO FIJO DE DESCRIPCIÓN FÍSICA--INFORMACIÓN GENERAL |
| campo de control de longitud fija |
ta |
| 008 - DATOS DE LONGITUD FIJA--INFORMACIÓN GENERAL |
| campo de control de longitud fija |
250123s2024 mx o|||fs|||| 001 0 spa d |
| 040 ## - FUENTE DE LA CATALOGACIÓN |
| Centro catalogador/agencia de origen |
mxchpua |
| 090 ## - LOCALMENTE ASIGNADO TIPO-LC NÚMERO DE CLASIFICACIÓN (OCLC); NÚMERO DE CLASIFICACIÓN LOCAL (RLIN) |
| Número de clasificación (OCLC) (R) ; Numero de clasificación, CALL (RLIN) (NR) |
T.C.951 |
| Número cutter local (OCLC) ; Número de libro/Signatura topográfica íntegra, CALL (RLIN) |
H46 SAI |
| Año |
2024 |
| 245 10 - MENCIÓN DE TÍTULO |
| Título |
Análisis del sistema bovinos para carne en Sinaloa y Sonora del 21 de enero al 4 de febrero de 2024 / |
| Mención de responsabilidad, etc. |
coordinador Filogonio Jesús Hernández Guzmán ; colaboradores Alan D. Gómez Rodríguez...[y otros] |
| 260 ## - PUBLICACIÓN, DISTRIBUCIÓN, ETC. |
| Lugar de publicación, distribución, etc. |
Chapingo, México : |
| Nombre del editor, distribuidor, etc. |
El autor, |
| Fecha de publicación, distribución, etc. |
2024 |
| 300 ## - DESCRIPCIÓN FÍSICA |
| Extensión |
1 recurso en línea (39 páginas) : |
| Otras características físicas |
tablas, fotos |
| 336 ## - TIPO DE CONTENIDO |
| Fuente |
rdacontent |
| Término de tipo de contenido |
Texto |
| Código de tipo de contenido |
txt |
| 337 ## - TIPO DE MEDIO |
| Fuente |
rdamedia |
| Nombre/término del tipo de medio |
computadora |
| Código del tipo de medio |
c |
| 338 ## - TIPO DE SOPORTE |
| Fuente |
rdacarrier |
| Nombre/término del tipo de soporte |
recurso en línea |
| Código del tipo de soporte |
cr |
| 500 ## - NOTA GENERAL |
| Nota general |
Grado 6° ; Grupo 2 |
| 502 ## - NOTA DE TESIS |
| Nota de tesis |
Viajes de Estudios |
| Tipo de título |
(SAI) -- |
| Nombre de la institución que otorga el título |
UACh. Departamento de Ingeniería Agroindustrial, |
| Año de obtención del título |
2024 |
| 504 ## - NOTA DE BIBLIOGRAFÍA, ETC. |
| Nota de bibliografía, etc. |
Incluye bibliografías |
| 505 0# - NOTA DE CONTENIDO CON FORMATO |
| Nota de contenido con formato |
Visitas: |
| Título |
I. SONORA --<br/>1. Rancho El 17 --<br/>2. Unión Ganadera Regional de Sonora --<br/>3. FIRA sede Hermosillo --<br/>4. Rancho "El Baluarte" --<br/>5. Frigorífica Sonorense DJ S.A. de C.V --<br/>6. Ganadera JC --<br/>7. CRUNO --<br/>8. Puntos de comercialización --<br/>II. SINALOA --<br/>9. Rancho “San José” --<br/>10. Asociación Ganadera Local de Mazatlán --<br/>11. Rancho “Las Quintas” --<br/>12. Rancho La Loma del Tigre --<br/>13. Unión Ganadera Regional de Sinaloa --<br/>14. Malta Texo --<br/>15. SADER --<br/>16. Cefppsinaloa --<br/>17. Sukarne --<br/>18. Encuestas en Mercado --<br/>19. Grupo Rubio --<br/>20. Rastro TIF |
| 650 13 - PUNTO DE ACCESO ADICIONAL DE MATERIA--TÉRMINO DE MATERIA |
| Término de materia o nombre geográfico como elemento de entrada |
Industria del ganado y de la carne |
| Subdivisión geográfica |
México |
| -- |
Sonora |
| 9 (RLIN) |
158521 |
| 650 13 - PUNTO DE ACCESO ADICIONAL DE MATERIA--TÉRMINO DE MATERIA |
| Término de materia o nombre geográfico como elemento de entrada |
Industria del ganado y de la carne |
| Subdivisión geográfica |
México |
| -- |
Sinaloa |
| 9 (RLIN) |
189875 |
| 650 13 - PUNTO DE ACCESO ADICIONAL DE MATERIA--TÉRMINO DE MATERIA |
| Término de materia o nombre geográfico como elemento de entrada |
Productos cárnicos |
| Subdivisión general |
Trazabilidad |
| 9 (RLIN) |
189877 |
| 650 13 - PUNTO DE ACCESO ADICIONAL DE MATERIA--TÉRMINO DE MATERIA |
| Término de materia o nombre geográfico como elemento de entrada |
Salud animal |
| Subdivisión general |
Ganado de carne |
| 9 (RLIN) |
189879 |
| 650 13 - PUNTO DE ACCESO ADICIONAL DE MATERIA--TÉRMINO DE MATERIA |
| Término de materia o nombre geográfico como elemento de entrada |
Livestock and meat industry |
| Subdivisión geográfica |
Mexico |
| -- |
Sonora |
| 9 (RLIN) |
158522 |
| 650 13 - PUNTO DE ACCESO ADICIONAL DE MATERIA--TÉRMINO DE MATERIA |
| Término de materia o nombre geográfico como elemento de entrada |
Livestock and meat industry |
| Subdivisión geográfica |
Mexico |
| -- |
Sinaloa |
| 9 (RLIN) |
189876 |
| 650 13 - PUNTO DE ACCESO ADICIONAL DE MATERIA--TÉRMINO DE MATERIA |
| Término de materia o nombre geográfico como elemento de entrada |
Meat products |
| Subdivisión general |
Traceability |
| 9 (RLIN) |
189878 |
| 650 13 - PUNTO DE ACCESO ADICIONAL DE MATERIA--TÉRMINO DE MATERIA |
| Término de materia o nombre geográfico como elemento de entrada |
Animal health |
| Subdivisión general |
Beef cattle |
| 9 (RLIN) |
189880 |
| 700 1# - PUNTO DE ACCESO ADICIONAL--NOMBRE DE PERSONA |
| Nombre de persona |
Hernández Guzmán, Filogonio Jesús |
| 9 (RLIN) |
54108 |
| Término indicativo de función/relación |
coordinador |
| 700 1# - PUNTO DE ACCESO ADICIONAL--NOMBRE DE PERSONA |
| Nombre de persona |
Gómez Rodríguez, Alan D. |
| 9 (RLIN) |
189874 |
| Término indicativo de función/relación |
colaborador |
| 856 40 - LOCALIZACIÓN Y ACCESO ELECTRÓNICOS |
| Identificador Uniforme del Recurso |
<a href="http://10.13.5.2/ve/TC951_SAI/TC951_SAI_2024-REPORTE.pdf">http://10.13.5.2/ve/TC951_SAI/TC951_SAI_2024-REPORTE.pdf</a> |
| Texto de enlace |
DESCARGAR REPORTE |